|
|
|
|
| LEADER |
00685nab a2200193 i 4500 |
| 001 |
acta14344 |
| 005 |
20210409144042.0 |
| 008 |
161015s1972 hu o 0|| fre d |
| 022 |
|
|
|a 0001-6969
|
| 040 |
|
|
|a SZTE Egyetemi Kiadványok Repozitórium
|b hun
|
| 041 |
|
|
|a fre
|
| 100 |
2 |
|
|a Szőkefalvi-Nagy Béla
|
| 245 |
1 |
0 |
|a Compléments à l'étude des opérateurs de classe C0
|h [elektronikus dokumentum] :
|b II. /
|c Szőkefalvi-Nagy Béla
|
| 260 |
|
|
|c 1972
|
| 300 |
|
|
|a 113-116
|
| 490 |
0 |
|
|a Acta scientiarum mathematicarum
|v 33 No. 1-2
|
| 695 |
|
|
|a Matematika
|
| 700 |
0 |
1 |
|a Foiaş Ciprian
|e aut
|
| 856 |
4 |
0 |
|u http://acta.bibl.u-szeged.hu/14344/1/math_033_fasc_001_002_113-116.pdf
|z Dokumentum-elérés
|